| 000 | 00962nam a2200217Ii 4500 | ||
|---|---|---|---|
| 003 | JO-AjNU | ||
| 008 | 230605s9999||||xx |||||||||||||| ||und|| | ||
| 017 | _a81/3112 | ||
| 020 | _a977-256-451-3 | ||
| 040 |
_aJO-AjNU _bara _erda _cJO-AjNU |
||
| 041 | _aara | ||
| 050 | 1 | 4 | _aKRM3745.W3468.1981 |
| 100 | 3 |
_aوالي، فتحي, _eauthor _947066 |
|
| 245 | 0 | 0 | _aالتنفيذ الجبري وفقا لمجموعة المرافعات المدنية والتجارية وقانون الحجز الادارى |
| 264 | 3 | 1 | _aالقاهرة : جامعة القاهرة، 1981 |
| 300 | _a838ص | ||
| 336 |
_atext _btxt _2rdacontent |
||
| 337 |
_aunmediated _bn _2rdamedia |
||
| 338 |
_avolume _bnc _2rdacarrier |
||
| 650 | 4 |
_aالتنفيذ الجبري -- قوانين وتشريعات -- مصر-- قانون المرافعات -- مصر-- تنفيذ الأحكام -- مصر-- القانون المدني -- مصر-- القانون التجاري -- مصر _947067 |
|
| 999 |
_aA20520 _c24088 _d24088 |
||